000 00332nam a2200145Ia 4500
008 230718s9999 xx 000 0 und d
041 _aEng.
082 _a192
_bKHO-Y
100 _aKhokhar, Muhammad
245 0 _aYearly Law Reporter
260 _aPakistan
_bSupreme Court
_c2016
300 _a1294
650 _aLaw
999 _c31301
_d31301